000 00327 a2200157 4500
001 176759
020 _a
040 _cMagnum
100 _aGóes, Lúcia Pimentel
240 1 0 _aO semaforo
_lpor
245 1 0 _aO semaforo
362 0 _a1899
440 1 _aScipione
697 _aMAGNITO: I/SOCIEDADE, COTIDIAN
942 _cBK
999 _c176759
_d176759